Normal view
MARC view
Entry Topical Term
001 - CONTROL NUMBER
- control field: 11041
003 - CONTROL NUMBER IDENTIFIER
- control field: BD-RjUL
005 - DATE AND TIME OF LATEST TRANSACTION
- control field: 20240123105028.0
008 - FIXED-LENGTH DATA ELEMENTS
- fixed length control field: 240123|| aca||aabn | a|a d
040 ## - CATALOGING SOURCE
- Original cataloging agency: BD-RjUL
- Transcribing agency: BD-RjUL
150 ## - HEADING--TOPICAL TERM
- Topical term or geographic name entry element: Romance fiction, English
670 ## - SOURCE DATA FOUND
- Source citation: Work cat.: (BD-RjUL)82735: Tuohy, Frank, 1925-1999 11040, The ice saints /, 1964, [reprinting 1965]